Statistiques concernant Quiz Rap Fr

Cliquez ici pour prendre le quiz!

Statistiques générales

  • Ce quiz a été pris 95 fois
  • Le résultat moyen est 4 sur 22

Statistiques - réponses

QuestionRéponse% Correct
Le feat iconique de Booba et Kaaris qui a permis d'accroître la lumière sur ce dernierKalash
85%
Le premier groupe de rap français à avoir fait disque de diamant est IAM, mais avec quel album ?L'école du micro d'argent
52%
Nom du groupe dans lequel a commencé PLK ou encore LesramPanama Bende
44%
Le duo de rappeurs regroupant Guillaume Tranchant et Aurélien CotentinCasseurs Flowters
43%
Le rappeur préféré du journaliste rap Mehdi Maïzi ?Dany Dan
31%
Beaucoup de politiciens et associations féministes avaient porter plainte contre Orelsan pour "Incitation à la violence contre les femmes" et ont réussi a annuler une partie de ses concert prévu à l'époque. Mais à cause de quel son ?Sale Pute
23%
L'album de funk brésilienne qui a causé à Sadek pas mal de moqueries et beaucoup d'incompréhensionJohnny de Janeiro
17%
Sur le son "Bande Organisée" on retrouvait : Jul, SCH, Soso maness, Kofs, Elams, Naps, Houari. Cependant un rappeur manque à l'appel, de qui s'agit-il ?Solda
16%
La signification de "NQNTMQMQMB" de ValdNi Queue Ni Tête Mais Qui Met Quand Même Bien
15%
Quel légendaire artiste de variété française nous ayant quitté a posé aux côtés de Kery JamesCharles Aznavour
11%
Avant de connaitre ses premiers succès avec sa mixtape M.I.L.S, Ninho en a sorti d'autres entre 2013 et 2016, de manière générale, comment s'appelaient elles ?I.S.P.A.C
11%
Le fondateur du label "IV my people" ?Kool Shen
9%
"On a beaucoup attaqué les homosexuels parce qu'on est homophobes à 100 % et qu'on l'assume", qui est le génie qui a lâché ça en interview avant de dire "Je me suis rendu compte, en vérifiant la signification du mot homophobie, que j'avais sorti une connerie plus grosse que moi" (comme quoi parfois, plus c'est gros plus ça passe)Lefa
9%
Que signifie les 3 D dans le son de Soso Maness DDD (feat Hornet la Frappe)déballe découpe débite
5%
Le nom du son de SNIPER qui a réuni des artistes représentant tous les départements d'île de FrancePanam Hall Starz
5%
Dans l'interlude de l'album Rescapé de Soso maness, quel chanson de variété française a été samplé ?Mistral Gagnant
3%
Le nom du groupe qui a regroupé Dany Boss et Alcide HSerum
3%
Quel rappeur fut le premier à inaugurer Planète Rap ?Busta Flex
2%
Comment s'appelle le label fondé par Hugo TSR et son crew ?Chambre Froide
2%
Peu de gens le savent, mais le Saïan Supa Crew n'est pas un groupe mais un collectif composé de 3 groupes, citez en au moins 1Explicit Samouraï / OFX / Simple Spirit
2%
Le nom du dernier album de Diam's (et non c'est pas Echo de 2009, y'en a un plus récent :) )Salam
1%
Le groupe Les Spécialistes, connu dans les années 90, était composé de deux membres, une femme : Princess Aniès et d'un homme, qui est-ce ?Tepa
0%

Distribution des résultats

Percentile par nombre de réponses

% des personnes avec chaque résultat

Votre développement - résultats

Vous n’avez pas pris ce quiz